Datos y lectura interpretativa al Cuestionario... (Record n. 98296)
[ formato base ]
| 000 -LEADER | |
|---|---|
| fixed length control field | 01223nam a22001817a 4500 |
| 003 - CONTROL NUMBER IDENTIFIER | |
| control field | IT-RoPau |
| 005 - DATE AND TIME OF LATEST TRANSACTION | |
| control field | 20220918181102.0 |
| 008 - FIXED-LENGTH DATA ELEMENTS--GENERAL INFORMATION | |
| fixed length control field | 130327b xxu||||| |||| 00| 0 eng d |
| 040 ## - CATALOGING SOURCE | |
| Transcribing agency | IT-RoPau |
| 100 ## - MAIN ENTRY--PERSONAL NAME | |
| Personal name | Teseyra, Fernando |
| 9 (RLIN) | 507 |
| 245 ## - TITLE STATEMENT | |
| Title | Datos y lectura interpretativa al Cuestionario... |
| Remainder of title | "Ser San Pablo viviente hoy" |
| 250 ## - EDITION STATEMENT | |
| Edition statement | 1° ed |
| 260 ## - PUBLICATION, DISTRIBUTION, ETC. (IMPRINT) | |
| Place of publication, distribution, etc. | Roma |
| Name of publisher, distributor, etc. | SSP Casa General |
| Date of publication, distribution, etc. | 2004 |
| 300 ## - PHYSICAL DESCRIPTION | |
| Extent | 47 pp. |
| Dimensions | 21 cm |
| 490 ## - SERIES STATEMENT | |
| Series statement | Sociedad de San Pablo |
| 520 ## - SUMMARY, ETC. | |
| Summary, etc. | ĺndice<br/><br/>Estadísticas relativas al cuestionario<br/>1. La Congrecación en cifras al 31.12.2003<br/>1.1. Estado personal por franjas de edad y posición jurídica<br/>1.2. Estado personal por posición jurídica y áreas geográficas<br/>1.3. Moviemiento del personal desde 1998 al 2003<br/>1.4. Circunsripciones por posición jurídica y media de edad<br/>1.5. Proyecciones sintéticas 2004-2010<br/>2. Análisis de los resultados de las 28 preguntas del<br/> cuestionario<br/>3. Resumen de las reflexiones comunitarias y sugerencias para<br/> la Comisión Preparatoria<br/>4. Diferencias significativas en los datos distribuidos por<br/> áreas geográficas<br/>5. Diferencias significativas en los datos distribuidos por edad<br/>6. Lectura interpretativa tranversal<br/><br/><br/><br/> |
| 942 ## - ADDED ENTRY ELEMENTS (KOHA) | |
| Source of classification or shelving scheme | Dewey Decimal Classification |
| Koha item type | LIBRO |
| Withdrawn status | Lost status | Source of classification or shelving scheme | Damaged status | Not for loan | Home library | Current library | Date acquired | Total Checkouts | Full call number | Date last seen | Price effective from | Koha item type |
|---|---|---|---|---|---|---|---|---|---|---|---|---|
| Dewey Decimal Classification | Buone Condizioni | Not For Loan | PAULUS-BIBLIOTECA | PAULUS-BIBLIOTECA | 27/03/2013 | P C4 | 27/03/2013 | 27/03/2013 | LIBRO | |||
| Dewey Decimal Classification | Buone Condizioni | Not For Loan | PAULUS-BIBLIOTECA | PAULUS-BIBLIOTECA | 27/03/2013 | P C4 | 27/03/2013 | 27/03/2013 | LIBRO |